000 004860000a22001810004500
003 MACL
005 20150802163629.0
008 150802b xxu||||| |||| 00| 0 eng d
040 _aMACL
_cMACL
041 _aEnglish
082 _a380/PAL
100 _aPalit, Dr Chittabrata
_94453
245 _aStudies in Indias Maritime Trade Through The Ages
260 _bInstitute of Historical Studies
_c2008
_aKolkata
350 _a300
650 _aCommerce
_94454
942 _cBK
_k380/PAL
_2ddc
999 _c42708
_d42708